000
00213nam a22001097a 4500
041
_a
eng
080
_a
80
100
_a
Cousin, Pierre-Henri
245
_a
French dictionary.
650
_a
Reference
999
_c
279749
_d
279749
942
_c
BK